• 首页
  • 本馆介绍
  • 公告通知
  • 最新文献
  • 馆藏检索
  • 电子资源
  • 读者导购
  • 参考咨询
  • 我的图书馆
  • 登录
  • 详细信息显示
  • 放入我的书架
  • 预约/预借图书
  • 作者相关作品
  • 分类相关作品
  • 丛书相关作品
  • 出版社相关作品

书目信息

  • 表格格式
  • 工作单格式
  • 卡片格式
题名:
讽刺大全
    
 
作者: 黄文 编
分册:  
出版信息: 北京   中国物资出版社  1988.7
页数: 562页
开本: 20cm
丛书名:
单 册:
中图分类: I269.7
科图分类:
主题词: 散文--中国 , 散文--作品综合集--中国
电子资源:
ISBN: 7-5047-0043-6
000 00580nam0 2200205 45
001 0312221749
005 20040407163922.5
010    @dCNY3.90@a7-5047-0043-6
100    @a20031222d1988 km y0chiy0120 ea
101    @achi
105    @a z 000yy
200 1  @a讽刺大全@AFeng Ci Da Quan@f黄文等编@FHuang Wen Deng Bian
210    @a北京@c中国物资出版社@d1988.7@a北京@c中国物资出版社
215    @a562页@d20cm
606 0  @a散文@x中国
606 0  @a散文@x作品综合集@x中国
690    @aI269.7@v3
701 0  @a黄文@4编
801    @aCN@bTSTCL@c20031222
905    @dI269.7@e371@f1@b213602
    
    讽刺大全/黄文等编.-北京:中国物资出版社,1988.7;北京:中国物资出版社
    562页;20cm
    
    
    ISBN 7-5047-0043-6:CNY3.90
    
●
相关链接 在E读中查询图书 在五车中查询图书 在当当中查询图书 在豆瓣中查询图书


正题名:讽刺大全     索取号:I269.7/371         预约/预借

序号 登录号 条形码 馆藏地/架位号 状态 备注
1 0213603   000026992   第一样本阅览室/ [索取号:I269.7/371] 在馆    
唐山师范学院图书馆 欢迎您!
大连网信软件有限公司© 版权所有